Normal view
MARC view
- Cuentos infantiles italianos
Entry Materia
001 - NÚMERO DE CONTROL DEL REGISTRO
- campo de control: 7373
003 - IDENTIFICADOR DE NUMERO DE CONTROL
- campo de control: MX-MxUPN
005 - FECHA Y HORA DE LA ÚLTIMA TRANSACCIÓN
- campo de control: 20240222141818.0
008 - DATOS DE LONGITUD FIJA
- campo de control de longitud fija: 230914nn annnnbabn | ana |d
035 ## - NÚMERO DE CONTROL DEL SISTEMA
- Número de control del sistema: UPN10000007377
040 ## - FUENTE DE LA CATALOGACIÓN
- Lengua de catalogación: SPA
- Agencia de transcripción: UPN
- Centro catalogador de origen: MX-MxUPN
150 ## - ENCABEZAMIENTO - TEMÁTICO
- Término de materia o nombre geográfico como elemento inicial: Cuentos infantiles italianos
670 ## - FUENTE EN LA QUE SE LOCALIZARON DATOS
- Cita de la fuente: Escamilla Gonzalez, G. Lista de encabezamientos de materia, 1978 :
- Información localizada: página 224 (Cuentos infantiles africanos)
902 ## - CATALOGADOR
- Catalogador: CAA/100907
- Catalogador: VíctorGodínez/140923
